Utilización y conservación de los ecosistemas terrestres de México : (Registro nro. 2489)
[ vista simple ]
| 000 -CABECERA | |
|---|---|
| Campo de control | 00954nam a2200229 i 4500 |
| 005 - FECHA Y HORA DE LA ULTIMA TRANSACCION | |
| Campo de control | 20200104041533.0 |
| 008 - ELEMENTOS DE LONGITUD FIJA—INFORMACION GENERAL | |
| Campo de control | 140305b1998 mx ||||| |||| 00| 0 spa d |
| 040 ## - FUENTE DE CATALOGACIÓN | |
| Agencia catalogadora original | CO-BoIAVH |
| Agencia transcriptora | CO-BoIAVH |
| 041 0# - IDIOMA | |
| Código de idioma para texto/pista de sonido o título separado | Español |
| 044 ## - PAÍS DE PUBLICACIÓN | |
| País de publicación | México |
| 082 04 - NUMERO DE CLASIFICACION DECIMAL DEWEY | |
| Número de clasificación | 577.0972 |
| Número del ítem | C43u |
| 100 1# - ASIENTO PRINCIPAL--NOMBRE PERSONAL | |
| Nombre personal | Challenger, Antony |
| 9 (RLIN) | 16173 |
| 245 10 - MENCION DE TITULO | |
| Título | Utilización y conservación de los ecosistemas terrestres de México : |
| Parte restante del título | pasado, presente y fututro / |
| Mención de responsabilidad | Antony Challenger. |
| 260 ## - PUBLICACION, DISTRIBUCION, ETC. (PIE DE IMPRENTA) | |
| Lugar de publicación, distribución, etc. | México : |
| Nombre del editor, distribuidor, etc. | Comisión Nacional para el Conocimiento y Uso de la Biodiversidad: |
| -- | Instituto Nacional de Ecología: |
| -- | Universidad Nacional Autónoma de México Agrupación Sierra Madre, |
| Fecha de publicación, distribución, etc. | 1998. |
| 300 ## - DESCRIPCION FISICA | |
| Extensión | 847páginas ; |
| Dimensiones | 33 cm. |
| 650 14 - ASIENTO SECUNDARIO DE MATERIA - TERMINO TEMATICO | |
| Término temático o nombre geográfico como elemento de entrada | Ecosistemas terrestres |
| Subdivisión geográfica | México. |
| 9 (RLIN) | 57720 |
| 650 14 - ASIENTO SECUNDARIO DE MATERIA - TERMINO TEMATICO | |
| Término temático o nombre geográfico como elemento de entrada | Ecosistemas |
| Subdivisión geográfica | México. |
| 9 (RLIN) | 57721 |
| 650 24 - ASIENTO SECUNDARIO DE MATERIA - TERMINO TEMATICO | |
| Término temático o nombre geográfico como elemento de entrada | Conservación de la diversidad biológica. |
| 9 (RLIN) | 57722 |
| 650 24 - ASIENTO SECUNDARIO DE MATERIA - TERMINO TEMATICO | |
| Término temático o nombre geográfico como elemento de entrada | Desarrollo sostenible |
| 9 (RLIN) | 278 |
| 700 1# - ASIENTO SECUNDARIO - NOMBRE PERSONAL | |
| Nombre personal | Caballero, Javier, |
| Término de relación | autor. |
| 9 (RLIN) | 16177 |
| 942 ## - ELEMENTOS ADICIONALES (KOHA) | |
| Tipo de ítem | Libro |
| Sistema de clasificación | Dewey Decimal Classification |
| Withdrawn status | Lost status | Sistema de Clasificación | Damaged status | No para préstamo | Colección | Inventariado | Ubicación Permanente | Ubicación actual | Fecha de adquisición | Valor | Total Checkouts | Número topográfico | Inventario / Código de Barras | Date last seen | Ejemplar | Price effective from | Forma de adquisición | Tipo de material |
|---|---|---|---|---|---|---|---|---|---|---|---|---|---|---|---|---|---|---|
| Dewey Decimal Classification | General | Inventariado 2017 | Bogotá | Bogotá | 11/10/2001 | 39000.00 | LB-577.0972 C43u | 003085 | 04/12/2012 | Ej. 1 | 04/12/2012 | Libro |